[Event "Reykjavik op"]
[Site "Reykjavik"]
[Date "2023.04.04"]
[Round "9"]
[White "Danielsson, Grimur"]
[Black "Saemundsson, Bjarni"]
[Result "0-1"]
[WhiteElo "1570"]
[BlackElo "1826"]
[PlyCount "89"]
[EventDate "2023.03.29"]
[EventType "swiss"]
[EventRounds "9"]
[EventCountry "ISL"]
[SourceTitle "EXT 2024"]
[Source "ChessBase"]
[SourceDate "2023.10.10"]
[SourceVersion "1"]
[SourceVersionDate "2023.10.10"]
[SourceQuality "1"]

1. d4 e6 2. Nf3 Nf6 3. c4 b6 4. Nc3 Bb7 5. a3 d5 6. e3 a5 7. cxd5 Nxd5 8. Bd3 c5 9. Bb5+ Bc6 10. e4 Nxc3 11. Bxc6+ Nxc6 12. bxc3 a4 13. 0-0 Be7 14. d5 exd5 15. exd5 Na7 16. Qxa4+ b5 17. Qg4 Bf6 18. Re1+ Kf8 19. Ne5 h5 20. Qf5 g6 21. Nd7+ Kg7 22. Qxf6+ Qxf6 23. Nxf6 Kxf6 24. Bb2 c4 25. a4 Rhe8 26. Rxe8 Rxe8 27. a5 Rd8 28. Rd1 Nc6 29. a6 Ne5 30. f4 Nd3 31. Ba3 Ra8 32. Ra1 Nxf4 33. d6 Ke6 34. Bb4 Nd3 35. Kf1 Nxb4 36. cxb4 Kxd6 37. a7 Kd5 38. Ra6 c3 39. Ke2 Kc4 40. Rc6+ Kxb4 41. Rc7 Kb3 42. Rxf7 c2 43. Rc7 Kb2 44. Kd2 Rd8+ 45. Ke2 0-1

[Event "ISL-chT2 2122"]
[Site "Reykjavik"]
[Date "2022.03.06"]
[Round "7.1"]
[White "Saemundsson, Bjarni"]
[Black "Mai, Alexander Oliver"]
[Result "0-1"]
[WhiteElo "1829"]
[BlackElo "2049"]
[PlyCount "54"]
[EventDate "2021.10.01"]
[EventType "team-tourn"]
[EventRounds "7"]
[EventCountry "ISL"]
[SourceTitle "EXT 2024"]
[Source "ChessBase"]
[SourceDate "2023.10.10"]
[SourceVersion "1"]
[SourceVersionDate "2023.10.10"]
[SourceQuality "1"]
[WhiteTeam "Gardabaer III"]
[BlackTeam "Reykjavik TR II"]
[WhiteTeamCountry "ISL"]
[BlackTeamCountry "ISL"]

1. d4 Nf6 2. Nc3 d5 3. Bg5 c6 4. Qd3 Qa5 5. 0-0-0 Ne4 6. Nxe4 dxe4 7. Qe3 Qxa2 8. Qxe4 Qa1+ 9. Kd2 Qa5+ 10. c3 Qxg5+ 11. f4 Qb5 12. Kc1 Bf5 13. Qf3 Qd5 14. Qxd5 cxd5 15. e3 Nc6 16. Nf3 e6 17. h3 h5 18. Bb5 a6 19. Ba4 b5 20. Bc2 Bxc2 21. Kxc2 Bd6 22. Ra1 a5 23. b3 Ke7 24. Ne5 Bxe5 25. fxe5 f6 26. e4 dxe4 27. Rhe1 f5 0-1

[Event "ISL-chT2 1516"]
[Site "Reykjavik"]
[Date "2015.09.26"]
[Round "2.4"]
[White "Jonsson, Bjorn1111"]
[Black "Saemundsson, Bjarni"]
[Result "1-0"]
[WhiteElo "1998"]
[BlackElo "1892"]
[PlyCount "81"]
[EventDate "2015.09.25"]
[EventType "team-tourn"]
[EventRounds "7"]
[EventCountry "ISL"]
[SourceTitle "EXT 2017"]
[Source "ChessBase"]
[SourceDate "2016.10.25"]
[SourceVersion "1"]
[SourceVersionDate "2016.10.25"]
[SourceQuality "1"]
[WhiteTeam "Reykjavik III"]
[BlackTeam "Borgarnes"]
[WhiteTeamCountry "ISL"]
[BlackTeamCountry "ISL"]

1. e4 e5 2. Nf3 Nc6 3. Bc4 Nf6 4. Ng5 d5 5. exd5 Na5 6. Bb5+ c6 7. dxc6 bxc6 8. Be2 h6 9. Nf3 e4 10. Ne5 Qd4 11. f4 Bc5 12. Rf1 Qd8 13. c3 Nd5 14. Qa4 Qh4+ 15. Kd1 Qd8 16. d4 exd3 17. Bxd3 Bf5 18. Kc2 Bxd3+ 19. Nxd3 Be7 20. b4 Qd6 21. Qxa5 Rd8 22. Rd1 Qg6 23. Qxa7 0-0 24. Qf2 Bxb4 25. f5 Qd6 26. Qg3 Qf6 27. Nxb4 Nxb4+ 28. cxb4 Qxf5+ 29. Rd3 Rd4 30. Bb2 Rg4 31. Qf3 Qg6 32. g3 Rd8 33. Nd2 Rxb4 34. Bc3 Rb5 35. Ne4 Rdb8 36. Rad1 Qe6 37. Rd8+ Rxd8 38. Rxd8+ Kh7 39. Ra8 c5 40. Qd3 c4 41. Nf6# 1-0

[Event "Reykjavik op"]
[Site "Reykjavik"]
[Date "2013.02.26"]
[Round "9"]
[White "Saemundsson, Bjarni"]
[Black "Bewersdorff, Oliver"]
[Result "0-1"]
[WhiteElo "1935"]
[BlackElo "2335"]
[PlyCount "120"]
[EventDate "2013.02.19"]
[EventType "swiss"]
[EventRounds "10"]
[EventCountry "ISL"]
[SourceTitle "CBM 153 Extra"]
[Source "ChessBase"]
[SourceDate "2013.04.22"]
[SourceVersion "1"]
[SourceVersionDate "2013.04.22"]
[SourceQuality "1"]

1. e4 c5 2. Nc3 Nc6 3. f4 g6 4. Nf3 Bg7 5. Bb5 Nd4 6. 0-0 a6 7. Bc4 e6 8. a4 Ne7 9. d3 b6 10. Ne2 d5 11. Nfxd4 dxc4 12. Nf3 Bb7 13. Nc3 0-0 14. Qe2 cxd3 15. cxd3 Nc6 16. Be3 Nd4 17. Bxd4 Bxd4+ 18. Nxd4 Qxd4+ 19. Kh1 Rad8 20. Rad1 Rd7 21. Rf3 Bc6 22. Qc2 Rfd8 23. h3 Qb4 24. b3 f5 25. Re3 Qd4 26. Rde1 Rd6 27. Kh2 e5 28. fxe5 Qxe5+ 29. Kh1 f4 30. Rf3 Rf8 31. Ne2 a5 32. Qc4+ Kg7 33. Qc3 Qxc3 34. Nxc3 g5 35. Ref1 Rfd8 36. Rd1 Rd4 37. g3 Bxe4 38. dxe4 Rxd1+ 39. Nxd1 Rxd1+ 40. Kg2 Rd2+ 41. Kf1 fxg3 42. Rxg3 Kf6 43. Ke1 Rd4 44. e5+ Kf5 45. Ke2 Re4+ 46. Kd3 Rxe5 47. Kc4 Re4+ 48. Kd5 Rd4+ 49. Kc6 Rb4 50. Kc7 h5 51. Rf3+ Kg6 52. Rg3 h4 53. Rf3 g4 54. hxg4 Kg5 55. Rc3 Kxg4 56. Rc4+ Rxc4 57. bxc4 h3 58. Kxb6 h2 59. Kxc5 h1Q 60. Kb5 Qa8 0-1

[Event "Reykjavik op"]
[Site "Reykjavik"]
[Date "2013.02.22"]
[Round "5"]
[White "Wahlbom, Magnus"]
[Black "Saemundsson, Bjarni"]
[Result "1-0"]
[WhiteElo "2279"]
[BlackElo "1935"]
[PlyCount "73"]
[EventDate "2013.02.19"]
[EventType "swiss"]
[EventRounds "10"]
[EventCountry "ISL"]
[SourceTitle "CBM 153 Extra"]
[Source "ChessBase"]
[SourceDate "2013.04.22"]
[SourceVersion "1"]
[SourceVersionDate "2013.04.22"]
[SourceQuality "1"]

1. e4 e5 2. Nf3 Nc6 3. Bb5 a6 4. Ba4 Nf6 5. 0-0 Nxe4 6. d4 exd4 7. Re1 d5 8. Nxd4 Bd6 9. Nxc6 Bxh2+ 10. Kh1 Qh4 11. Rxe4+ dxe4 12. Qd8+ Qxd8 13. Nxd8+ Kxd8 14. Kxh2 Bd7 15. Bb3 Ke7 16. Bd5 Bc6 17. Bxc6 bxc6 18. Bf4 Kd7 19. Nd2 Rae8 20. Nb3 Rb8 21. Nc5+ Kc8 22. b3 a5 23. Nxe4 Rb4 24. c4 a4 25. Nc5 Re8 26. Bxc7 a3 27. Ba5 Rb8 28. Rd1 Ra8 29. b4 f6 30. Rd3 Rxa5 31. bxa5 Re5 32. Nb3 Re2 33. Rd2 Re1 34. a6 Kb8 35. Rd7 Rb1 36. Rb7+ Ka8 37. Na5 1-0

[Event "Reykjavik op"]
[Site "Reykjavik"]
[Date "2013.02.21"]
[Round "4"]
[White "Saemundsson, Bjarni"]
[Black "Petersson, Baldur Teodor"]
[Result "1-0"]
[WhiteElo "1935"]
[BlackElo "1575"]
[PlyCount "87"]
[EventDate "2013.02.19"]
[EventType "swiss"]
[EventRounds "10"]
[EventCountry "ISL"]
[SourceTitle "CBM 153 Extra"]
[Source "ChessBase"]
[SourceDate "2013.04.22"]
[SourceVersion "1"]
[SourceVersionDate "2013.04.22"]
[SourceQuality "1"]

1. e4 c5 2. Nc3 e6 3. f4 a6 4. Nf3 Nc6 5. g3 Qc7 6. Bg2 b5 7. 0-0 Bb7 8. d3 Nge7 9. Be3 d6 10. Qe2 g6 11. Qd2 Bg7 12. Rab1 0-0 13. Ne2 f5 14. Ng5 Qd7 15. d4 cxd4 16. Nxd4 Nxd4 17. Bxd4 e5 18. Bc5 Rfd8 19. Rbd1 h6 20. Nf3 Qc7 21. Bxd6 Qb6+ 22. Kh1 fxe4 23. Nxe5 Nf5 24. Bc5 Qxc5 25. Qxd8+ Rxd8 26. Rxd8+ Bf8 27. Nxg6 Qb6 28. Rxf8+ Kg7 29. Rxf5 Kxg6 30. Re5 Kf6 31. Re1 Qd8 32. b3 Qc8 33. Bxe4 Bxe4+ 34. R1xe4 Qxc2 35. Re2 Qc1+ 36. Kg2 Qc6+ 37. Kh3 Qc8+ 38. Re6+ Kg7 39. Kh4 Qc5 40. Re7+ Kf8 41. R2e5 Qc3 42. h3 h5 43. R7e6 Qc2 44. Kg5 1-0

[Event "Reykjavik op"]
[Site "Reykjavik"]
[Date "2012.03.11"]
[Round "6"]
[White "Saemundsson, Bjarni"]
[Black "Kristinardottir, Elsa Maria"]
[Result "1/2-1/2"]
[WhiteElo "1947"]
[BlackElo "1734"]
[PlyCount "96"]
[EventDate "2012.03.06"]
[EventType "swiss"]
[EventRounds "9"]
[EventCountry "ISL"]
[SourceTitle "CBM 147 Extra"]
[Source "ChessBase"]
[SourceDate "2012.04.24"]
[SourceVersion "1"]
[SourceVersionDate "2012.04.24"]
[SourceQuality "1"]

1. d4 d5 2. Nc3 Nf6 3. Bg5 e6 4. e4 dxe4 5. Nxe4 Be7 6. Bxf6 Bxf6 7. Nf3 0-0 8. Qd2 b6 9. 0-0-0 Bb7 10. Qf4 Bxe4 11. Qxe4 Qd5 12. Bd3 Qxe4 13. Bxe4 c6 14. Ne5 Rc8 15. Rd3 Bxe5 16. dxe5 Na6 17. Rd6 Nb4 18. a3 Nd5 19. c4 Nf4 20. g3 Ng6 21. f4 Rd8 22. Rxc6 Rac8 23. Rd1 Rxd1+ 24. Kxd1 Rxc6 25. Bxc6 Kf8 26. Kd2 Ne7 27. Be4 h6 28. Kc3 Ke8 29. Kb4 Kd7 30. Kb5 Kc7 31. b4 f5 32. Bg2 g5 33. c5 gxf4 34. cxb6+ axb6 35. a4 fxg3 36. hxg3 Ng6 37. a5 bxa5 38. bxa5 Nxe5 39. a6 Kb8 40. Kb6 Nc4+ 41. Kc5 Ne3 42. Bc6 Ka7 43. Bb5 e5 44. Kd6 f4 45. gxf4 exf4 46. Be2 Nf5+ 47. Ke5 f3 48. Bxf3 Kxa6 1/2-1/2

[Event "Reykjavik op"]
[Site "Reykjavik"]
[Date "2012.03.08"]
[Round "3"]
[White "Vaarala, Eric"]
[Black "Saemundsson, Bjarni"]
[Result "1-0"]
[WhiteElo "2241"]
[BlackElo "1947"]
[PlyCount "83"]
[EventDate "2012.03.06"]
[EventType "swiss"]
[EventRounds "9"]
[EventCountry "ISL"]
[SourceTitle "CBM 147 Extra"]
[Source "ChessBase"]
[SourceDate "2012.04.24"]
[SourceVersion "1"]
[SourceVersionDate "2012.04.24"]
[SourceQuality "1"]

1. c4 Nf6 2. Nc3 e6 3. Nf3 Bb4 4. Qb3 c5 5. a3 Ba5 6. Qb5 Bxc3 7. bxc3 b6 8. d3 Bb7 9. e4 0-0 10. Bg5 d6 11. Qb2 Nbd7 12. Be2 Qc7 13. 0-0 Rfe8 14. Qd2 d5 15. cxd5 exd5 16. Bf4 Qc6 17. e5 Nh5 18. d4 Nxf4 19. Qxf4 f6 20. Bd3 fxe5 21. dxe5 d4 22. cxd4 cxd4 23. Rac1 Qh6 24. Bc4+ Kh8 25. Ng5 Nxe5 26. Qxe5 Rxe5 27. Nf7+ Kg8 28. Nxh6+ Kf8 29. Nf7 Rc5 30. Nd6 Bc6 31. Bd3 Rd8 32. Ne4 Bxe4 33. Bxe4 d3 34. Rfd1 d2 35. Ra1 Rdc8 36. Rxd2 Rc1+ 37. Rd1 Rxd1+ 38. Rxd1 Rc3 39. Ra1 g6 40. f3 b5 41. Kf2 a5 42. Rb1 1-0

[Event "Reykjavik op"]
[Site "Reykjavik"]
[Date "2011.03.10"]
[Round "2.47"]
[White "Saemundsson, Bjarni"]
[Black "Rothe, Guido"]
[Result "1/2-1/2"]
[WhiteElo "1923"]
[BlackElo "2171"]
[PlyCount "138"]
[EventDate "2011.03.09"]
[EventType "swiss"]
[EventRounds "9"]
[EventCountry "ISL"]
[SourceTitle "CBM 141 Extra"]
[Source "ChessBase"]
[SourceDate "2011.05.03"]
[SourceVersion "1"]
[SourceVersionDate "2011.05.03"]
[SourceQuality "1"]

1. d4 d6 2. e4 g6 3. c4 Bg7 4. Nf3 Nf6 5. Nc3 0-0 6. Be2 Na6 7. Be3 e5 8. Qd2 exd4 9. Nxd4 Nc5 10. f3 a5 11. 0-0 Re8 12. Rad1 Qe7 13. Ndb5 b6 14. Bg5 Bb7 15. Nd5 Bxd5 16. cxd5 Qd7 17. Qc2 h6 18. Be3 Re7 19. Bf2 Rae8 20. Nd4 Ra8 21. Bb5 Qc8 22. Nc6 Re8 23. Bd4 Nfd7 24. Bxg7 Kxg7 25. Qc3+ Nf6 26. Rc1 Rf8 27. Nd4 Qd8 28. Nc6 Qd7 29. Nd4 Qd8 30. Nc6 Qd7 31. Nd4 Qe7 32. Nc6 Qe8 33. Nd4 Qe5 34. Nc6 Qxc3 35. Rxc3 Nh5 36. Nd4 Kf6 37. Nb3 g5 38. Nxc5 bxc5 39. a4 Nf4 40. g3 Ng6 41. Kf2 Ne5 42. Ke2 Rg8 43. Ra1 Ke7 44. Raa3 Raf8 45. Bd3 Rb8 46. Bb5 g4 47. f4 Nf3 48. Rxf3 gxf3+ 49. Kxf3 h5 50. Re3 Rg7 51. h3 Rbg8 52. Kf2 Kf6 53. Be2 Rb8 54. b3 Kg6 55. Bc4 f5 56. exf5+ Kf6 57. Re6+ Kf7 58. Be2 Rh7 59. Bb5 Rg8 60. Be2 Re8 61. Bd3 Rhh8 62. Bb5 Rxe6 63. fxe6+ Kf6 64. Be2 c6 65. Bc4 cxd5 66. Bxd5 Rb8 67. Kf3 Rh8 68. Bc4 Rh7 69. Bd5 Rh8 1/2-1/2

[Event "Reykjavik op"]
[Site "Reykjavik"]
[Date "2011.03.09"]
[Round "1.43"]
[White "Stanford, Maxim Barth"]
[Black "Saemundsson, Bjarni"]
[Result "1-0"]
[WhiteElo "2385"]
[BlackElo "1923"]
[PlyCount "45"]
[EventDate "2011.03.09"]
[EventType "swiss"]
[EventRounds "9"]
[EventCountry "ISL"]
[SourceTitle "CBM 141 Extra"]
[Source "ChessBase"]
[SourceDate "2011.05.03"]
[SourceVersion "1"]
[SourceVersionDate "2011.05.03"]
[SourceQuality "1"]

1. Nf3 d5 2. b3 Nf6 3. Bb2 Nbd7 4. e3 g6 5. c4 c6 6. cxd5 cxd5 7. Nc3 Nb6 8. a4 a5 9. Bb5+ Bd7 10. Bxd7+ Qxd7 11. Nb5 Rc8 12. Bd4 Na8 13. Ne5 Qf5 14. Na7 Rc7 15. Qe2 Bg7 16. Qb5+ Kf8 17. 0-0 Ne4 18. Qxd5 Nd6 19. Nb5 Bxe5 20. Qxe5 f6 21. Qxf5 Nxf5 22. Nxc7 Nxc7 23. Bb6 1-0

[Event "ISL-chB"]
[Site "Reykjavik"]
[Date "2009.09.05"]
[Round "7"]
[White "Sigurdsson, Sverrir"]
[Black "Saemundsson, Bjarni"]
[Result "1-0"]
[WhiteElo "2013"]
[BlackElo "1922"]
[PlyCount "115"]
[EventDate "2009.08.29"]
[EventType "swiss"]
[EventRounds "9"]
[EventCountry "ISL"]
[SourceTitle "EXT 2012"]
[Source "ChessBase"]
[SourceDate "2011.11.24"]
[SourceVersion "1"]
[SourceVersionDate "2011.11.24"]
[SourceQuality "1"]

1. e4 e5 2. Nf3 Nc6 3. Bb5 a6 4. Bxc6 dxc6 5. 0-0 Bg4 6. h3 h5 7. d3 Qf6 8. Nbd2 Ne7 9. Nc4 Bxf3 10. Qxf3 Qxf3 11. gxf3 Ng6 12. Be3 0-0-0 13. Rfd1 f6 14. c3 Bd6 15. Kf1 Rhf8 16. Ke2 Rf7 17. Rg1 Nf8 18. Nxd6+ cxd6 19. f4 Ne6 20. f5 Nc7 21. Bb6 Rdd7 22. Bxc7 Kxc7 23. Kf3 Rd8 24. c4 a5 25. Kg3 Kb6 26. Rac1 c5 27. Kh4 Rh8 28. Rg2 Kc6 29. Rcg1 Rh7 30. Kg3 b6 31. Kf3 Rb7 32. Ke3 Re7 33. Kd2 a4 34. Kc3 Ra7 35. f3 Re7 36. b4 axb3 37. axb3 Ra7 38. Kb2 b5 39. Ra1 Rxa1 40. cxb5+ Kxb5 41. Kxa1 h4 42. Kb2 Kc6 43. Kc3 d5 44. Rg4 d4+ 45. Kb2 Kb5 46. Ka3 Kb6 47. b4 Kb5 48. bxc5 Kxc5 49. Ka4 Kd6 50. Kb5 Ke7 51. f4 Kf7 52. fxe5 fxe5 53. Kc5 Rh8 54. Kd5 Re8 55. Rg6 Re7 56. Re6 Rxe6 57. fxe6+ Kf6 58. Kd6 1-0

[Event "ISL-chB"]
[Site "Reykjavik"]
[Date "2009.08.30"]
[Round "9"]
[White "Jonsson, Olafur Gisli"]
[Black "Saemundsson, Bjarni"]
[Result "1/2-1/2"]
[WhiteElo "1899"]
[BlackElo "1922"]
[PlyCount "75"]
[EventDate "2009.08.29"]
[EventType "swiss"]
[EventRounds "9"]
[EventCountry "ISL"]
[SourceTitle "EXT 2012"]
[Source "ChessBase"]
[SourceDate "2011.11.24"]
[SourceVersion "1"]
[SourceVersionDate "2011.11.24"]
[SourceQuality "1"]

1. e4 e5 2. Nf3 Nc6 3. Bc4 Nf6 4. d3 Be7 5. c3 d6 6. Bb3 0-0 7. Nbd2 Bg4 8. Nf1 Be6 9. Ng3 Re8 10. 0-0 Bf8 11. h3 h6 12. Re1 Qd7 13. Be3 d5 14. Qe2 d4 15. Bxe6 Rxe6 16. cxd4 exd4 17. Bd2 Rae8 18. a3 Bd6 19. Nf5 Nxe4 20. dxe4 Rxe4 21. Qb5 a6 22. Nxh6+ gxh6 23. Qxb7 Rxe1+ 24. Rxe1 Rxe1+ 25. Bxe1 a5 26. Qb5 Qe6 27. Kf1 Bf4 28. Qd3 Ne5 29. Nxe5 Qxe5 30. b4 axb4 31. axb4 c6 32. Bd2 Bxd2 33. Qxd2 Qb5+ 34. Ke1 Qc4 35. f3 d3 36. Kf2 Qd4+ 37. Kf1 Qa1+ 38. Kf2 1/2-1/2

[Event "NAH-ch 36th"]
[Site "Nassau"]
[Date "2007.11.06"]
[Round "7"]
[White "Evans, Milton"]
[Black "Saemundsson, Bjarni"]
[Result "0-1"]
[WhiteElo "2500"]
[BlackElo "1919"]
[PlyCount "110"]
[EventDate "2007.10.21"]
[EventType "tourn"]
[EventRounds "9"]
[EventCountry "BAH"]
[SourceTitle "EXT 2024"]
[Source "ChessBase"]
[SourceDate "2023.10.10"]
[SourceVersion "1"]
[SourceVersionDate "2023.10.10"]
[SourceQuality "1"]

1. c4 e5 2. d3 Nf6 3. Nc3 d5 4. cxd5 Nxd5 5. Nf3 Nc6 6. g3 Be7 7. Bg2 0-0 8. 0-0 Be6 9. a3 Qd7 10. Re1 Rad8 11. Ne4 f6 12. Qc2 Nb8 13. Bd2 c5 14. Rac1 Rc8 15. Qb1 Nb6 16. Be3 Qb5 17. Nc3 Qe8 18. Nd2 Rc7 19. b4 cxb4 20. axb4 N8d7 21. Nb5 Rxc1 22. Rxc1 Qb8 23. Rc7 Qe8 24. Nxa7 Nd5 25. Bc5 Nc3 26. Qe1 Nd5 27. Bxe7 Nxc7 28. Bxf8 Qxf8 29. Qc1 Qxb4 30. Nf1 Qc5 31. Qd1 Nd5 32. Bxd5 Bxd5 33. Ne3 Be6 34. h4 Nb8 35. Qa4 Kf8 36. Nb5 Bd7 37. Qa3 Qxa3 38. Nxa3 Ke7 39. Nd5+ Kd6 40. Nb6 Kc5 41. Nxd7+ Nxd7 42. Nc2 b5 43. f3 b4 44. Nxb4 Kxb4 45. Kf2 Kc5 46. Ke3 Kd5 47. f4 h5 48. f5 Nc5 49. Kd2 Nb3+ 50. Kc3 Nc5 51. e3 Nxd3 52. Kxd3 e4+ 53. Ke2 Ke5 54. Kf2 Kxf5 55. Kg2 Kg4 0-1

[Event "NAH-ch 36th"]
[Site "Nassau"]
[Date "2007.11.04"]
[Round "6"]
[White "Saemundsson, Bjarni"]
[Black "Smith, Kean"]
[Result "1/2-1/2"]
[WhiteElo "1919"]
[BlackElo "1841"]
[PlyCount "82"]
[EventDate "2007.10.21"]
[EventType "tourn"]
[EventRounds "9"]
[EventCountry "BAH"]
[SourceTitle "EXT 2024"]
[Source "ChessBase"]
[SourceDate "2023.10.10"]
[SourceVersion "1"]
[SourceVersionDate "2023.10.10"]
[SourceQuality "1"]

1. d4 Nf6 2. Nc3 d5 3. Bg5 h6 4. Bxf6 exf6 5. Qd3 f5 6. g3 c6 7. Bh3 g6 8. Nf3 Bg7 9. 0-0 Be6 10. Rab1 0-0 11. b4 Nd7 12. e3 Qc7 13. Ne2 Nf6 14. Nf4 b5 15. Ne5 Rfe8 16. Kh1 Ne4 17. Nxe6 Rxe6 18. Nf3 Re7 19. Nd2 Nd6 20. Bg2 a5 21. Qc3 axb4 22. Qxb4 Ra4 23. Qb3 Ne4 24. Bxe4 fxe4 25. Rb2 Re8 26. c3 Rea8 27. Ra1 Qa5 28. Qc2 f5 29. Nb3 Qd8 30. Nc5 R4a7 31. Ne6 Qe7 32. Nxg7 Kxg7 33. Qb3 Ra4 34. Kg2 Qa7 35. Rc2 g5 36. Kf1 Qf7 37. Rb2 Qh5 38. Kg1 Qf3 39. Qc2 Rc4 40. Rb4 Qh5 41. a4 Qf7 1/2-1/2

[Event "Politiken Cup 28th"]
[Site "Copenhagen"]
[Date "2006.07.26"]
[Round "5"]
[White "Lauritsen, Martin Lee"]
[Black "Saemundsson, Bjarni"]
[Result "0-1"]
[WhiteElo "2080"]
[BlackElo "1945"]
[PlyCount "146"]
[EventDate "2006.07.22"]
[EventType "swiss"]
[EventRounds "9"]
[EventCountry "DEN"]
[SourceTitle "CBM 113 Extra"]
[Source "ChessBase"]
[SourceDate "2006.09.14"]
[SourceVersion "1"]
[SourceVersionDate "2006.09.14"]
[SourceQuality "1"]

1. e4 c5 2. Nf3 a6 3. c3 e6 4. d4 d5 5. e5 Nc6 6. Bd3 cxd4 7. cxd4 Bb4+ 8. Nc3 Nge7 9. a3 Bxc3+ 10. bxc3 b5 11. 0-0 h6 12. Nd2 Ng6 13. Nb3 0-0 14. Nc5 Qe7 15. f4 f5 16. g4 Qh4 17. gxf5 exf5 18. Ra2 Rf7 19. Rg2 Nf8 20. Qf3 Qd8 21. Bb1 Ne6 22. Ba2 Ne7 23. Nd3 Bb7 24. a4 Rc8 25. Bb2 Qa5 26. Nb4 bxa4 27. Nc2 Qc7 28. Ne3 a3 29. Ba1 Qd7 30. Bb1 Nc5 31. dxc5 d4 32. Qe2 dxe3 33. Ba2 Bxg2 34. Qxg2 Qd2 35. Qxd2 exd2 36. Rd1 Rd8 37. Kf2 Kf8 38. Be6 Nc6 39. c4 Rb7 40. Bd5 Rc7 41. Rxd2 Nb4 42. Ke3 Rxc5 43. Be6 Rxd2 44. Kxd2 g6 45. Bd4 Rc6 46. Kc3 a5 47. Bd7 Rc7 48. Bb5 Nd5+ 49. Kb3 Nxf4 50. Kxa3 Ne6 51. Bb6 Rc8 52. Bxa5 Ke7 53. Kb4 Nd4 54. Bb6 Nxb5 55. cxb5 Ke6 56. Bd4 Kd5 57. Be3 Kxe5 58. Bxh6 f4 59. b6 Ke4 60. Bg5 f3 61. Bh4 Ke3 62. Bg3 f2 63. b7 Re8 64. b8Q Rxb8+ 65. Bxb8 f1Q 66. Bg3 Kd4 67. Kb3 Qd3+ 68. Kb2 Qc3+ 69. Kb1 Kc4 70. Ka2 g5 71. Bc7 Qb3+ 72. Ka1 Qc2 73. h4 Kb3 0-1

[Event "Politiken Cup 28th"]
[Site "Copenhagen"]
[Date "2006.07.25"]
[Round "4"]
[White "Saemundsson, Bjarni"]
[Black "Lilja, Richard"]
[Result "0-1"]
[WhiteElo "1945"]
[BlackElo "2129"]
[PlyCount "80"]
[EventDate "2006.07.22"]
[EventType "swiss"]
[EventRounds "9"]
[EventCountry "DEN"]
[SourceTitle "CBM 113 Extra"]
[Source "ChessBase"]
[SourceDate "2006.09.14"]
[SourceVersion "1"]
[SourceVersionDate "2006.09.14"]
[SourceQuality "1"]

1. d4 g6 2. e4 Bg7 3. Be3 d6 4. Nc3 a6 5. Qd2 Nd7 6. Nf3 b5 7. b4 Bb7 8. Bd3 c5 9. a3 cxd4 10. Bxd4 e5 11. Be3 Ngf6 12. Bh6 Bxh6 13. Qxh6 Qc7 14. Qd2 Rc8 15. Nd5 Nxd5 16. exd5 Bxd5 17. Bxb5 Bxf3 18. Bxd7+ Kxd7 19. gxf3 Qxc2 20. Qxc2 Rxc2 21. 0-0 Rc4 22. Rfd1 Kc6 23. Rd3 d5 24. Rb1 g5 25. Kg2 Rb8 26. Kg3 a5 27. Rbd1 axb4 28. axb4 d4 29. Kg4 h6 30. Kf5 Rb5 31. Ke4 Kd6 32. h4 Ke6 33. hxg5 hxg5 34. Ra3 Rcxb4 35. Ra6+ Rb6 36. Ra8 f5+ 37. Kd3 Rb2 38. Re8+ Kd6 39. Rg8 R6b3+ 40. Kc4 Rc3# 0-1